Biology (Record no. 11521)

MARC details
000 -LEADER
fixed length control field 00238nam a22000977a 4500
008 - FIXED-LENGTH DATA ELEMENTS--GENERAL INFORMATION
fixed length control field 190531b ||||| |||| 00| 0 eng d
020 ## - INTERNATIONAL STANDARD BOOK NUMBER
International Standard Book Number 9780547055992
100 ## - MAIN ENTRY--PERSONAL NAME
Personal name Nowicki Stephen
9 (RLIN) 7233
245 ## - TITLE STATEMENT
Title Biology
260 ## - PUBLICATION, DISTRIBUTION, ETC. (IMPRINT)
Place of publication, distribution, etc. USA
Name of publisher, distributor, etc. Mcdougal littell
Holdings
Withdrawn status Lost status Source of classification or shelving scheme Damaged status Koha normalized classification for sorting Not for loan Home library Current library Shelving location Date acquired Total Checkouts Full call number Barcode Date last seen Price effective from Koha item type
    Dewey Decimal Classification   NOW_574_000000000000000_C3 Not For Loan Good Samaritan School Library Good Samaritan School Library Biology 05/31/2019   NOW574 C-3 NOW15262 05/31/2019 05/31/2019 Reference

Powered by Koha